Chaîne de mots - Les Aventures de Tintin - Statistiques

Statistiques générales
  • Ce quiz a été pris 669 fois
  • Le résultat moyen est 16 sur 30
Statistiques - réponses
Indice Réponse % Correct
Profession de Tintin Reporter
85%
Compagnon de Tintin qui a du chien Milou
82%
Couleur de l'or au Khemed Noir
81%
Un nom de fleur pour un dur de la feuille Tournesol
80%
On y trouve le Yéti Tibet
79%
Méchant chauve au gros cigare Rastapopoulos
75%
Pirate "rouge", ennemi de de Hadoque Rackham
74%
Le père d'Abdallah en est un Emir
71%
Mystérieuse dans le dixième album Etoile
71%
Drogue au cœur du Lotus bleu Opium
70%
Tintin visite leur pays en 1930 Soviets
66%
Pays de l'Ile Noire Royaume-Uni
59%
Surnom de Bianca: Rossignol ________ Milanais
58%
Il se fit capturer par ⬆️ Tchang
54%
Femme de chambre de la Castafiore Irma
53%
Momie inca: ______ Capac Rascar
52%
Minerai radioactif extrait en Syldavie Uranium
51%
Non, Moulinsart n'est pas cette boucherie Sanzot
49%
Docteur aussi nommé Mull Pacha Müller
43%
Pilote estonien ennemi puis ami de Tintin Szut
43%
Prénom d'Hergé Georges
42%
Il donne son titre au dernier album Alph-Art
40%
Juron fantomatique du Capitaine Ectoplasme
39%
Passionnés de cet univers de fiction Tintinophiles
37%
Cadeau du maharadjah du Gopal à Bianca Emeraude
33%
Indien quechua vendeur d'oranges Zorrino
30%
Pays des généraux Tapioca et Alcazar San Theodoros
28%
Journal de publication originale Le Petit Vingtième
24%
Colonel chef de la police secrète bordure Sponsz
23%
Capitale du Nuevo Rico Sanfacion
5%
Aucun quiz correspondant
Distribution des résultats
% des personnes avec chaque résultat
Percentile par nombre de réponses
Votre historique - résultats
Vous n’avez pas pris ce quiz